000 01911cam a22005414i 4500
003 PE-LiUPU
005 20250731180048.0
008 150616s r 000 0 d
035 _a(Sirsi) a1187
040 _aPE-LiUPU
_bspa
_cPE-LiUPU
_erda
049 _aPRUA
082 0 4 _a550.85
_bH93N
_221
100 1 _aNúñez, Estuardo,
_eautor.
245 1 3 _aEl Perú en la obra de Alejandro de Humboldt /
_cEstuardo Núñez y Georg Petersen G.
264 1 _aLima :
_bLibrería Studium,
_c1971.
300 _a261 páginas :
_bilustraciones láms., mapa plegado ;
_c23 cm
336 _atext
_2rdacontent
337 _aunmediated
_2rdamedia
338 _avolume
_2rdacarrier
504 _aIncluye bibliografía.
505 0 _aEstudios geográficos -- Apuntes sobre mineria peruana -- Notas sobre geología -- Notas sobre botánica -- Apuntes sobre la fauna -- Notas sobre la etnología -- Apuntes sobre la cultura antigua -- Reflexiones varias -- Epistolario.
526 _aSEG44
526 _aSEG26
526 _aP159
526 _aP155
526 _aP154
526 _aP153
526 _aP150
526 _aP100
526 _aP31
526 _aP30
526 _aP26
526 _aP25
526 _aP24
526 _aP22
526 _aP15
526 _aP10
600 1 _aHumboldt, Alexander von,
_d1769-1859
650 0 4 _aPerú
_xHistoria
_y1548-1820
_xFuentes.
700 1 _aPetersen G., Georg.
910 _ajck
_bjvq
_cjck
942 _2ddc
_cBOOK
949 _a550.85 H93N
_wDEWEY
_c1
_i33367
_lCCODEBUL1
_mBUL
_p00.00
_r0
_sY
_tBOOK
_u19930113
_xEDUCACION
_PP20
_0COMPRA
_o.STAFF. Colección General
994 _aC0
_bPEPRU
596 _a1
999 _a550.85 H93N
_wDEWEY
_c2064
_i33367
_f2021-11-5
_g5
_lCCODEBUL1
_mBUL
_r0
_sN
_tBOOK
_u2015-6-16
_xBIBLIOTECA
_PP20
_0COMPRA
_o.STAFF. Colección General
_d2064
980 _81
_gALBERTO SANCHEZ Responsable de Automatización